000 02871cam a2200445 i 4500
001 22670533
005 20250417093205.0
008 220628t20232023cau b 001 0 eng d
010 _a 2022941836
016 7 _a020859975
_2Uk
020 _a9781529767421
020 _a9781529767414
020 _a1529767423
020 _a1529767415
020 _z9781529613346
020 _z9781529613360
035 _a(OCoLC)on1345457961
041 _aeng
042 _alccopycat
082 0 4 _a658.812 CHA
100 1 _aChakravorti, Samit,
245 1 0 _a Customer Relationship Management: A Global Approach
260 _aNew Delhi
_bSage Publications Ltd
_c2023
264 1 _aLos Angeles :
_bSAGE,
_c[2023]
264 4 _c©2023
300 _axv, 286 pages ; 24 cm
336 _atext
_btxt
_2rdacontent
336 _astill image
_bsti
_2rdacontent
337 _aunmediated
_bn
_2rdamedia
338 _avolume
_bnc
_2rdacarrier
504 _aIncludes bibliographical references and index.
520 _a"Customer Relationship Management: A Global Approach provides a uniquely global, holistic, strategic and tactical grounding in managing customer and other stakeholder experiences and relationships across the value chain, cultures and countries. Reflecting the global structures of companies operating today, the author draws on his research knowledge alongside industry and teaching experience to connect Customer Relationship Management (CRM) core concepts, processes and strategies with international business opportunities and challenges, including globalization and cross-cultural marketing. Emphasis is placed on the need for developing cross-cultural skills and cultural intelligence for identifying and fulfilling cross country CRM opportunities, through analytical, strategic, operational and social CRM projects. Written in an accessible style throughout, the eleven chapters provide ample depth to support a full course related to CRM, spanning: CRM foundations planning and implementation managing stakeholder relationships improving global CRM implementation Wide-ranging case studies include: Royal Bank of Scotland, the Nike hijab, Instagram, HubSpot and the pharmaceutical industry in India. The text will appeal to advanced undergraduate and graduate students studying CRM, Relationship Marketing and International Marketing, as well as CRM and marketing practitioners. Samit Chakravorti is an Associate Professor of Marketing at Western Illinois University in the United States"--
650 0 _aCustomer relations
650 0 _aIntercultural communication.
650 7 _aCustomer relations
776 0 8 _iebook version :
_z9781529613346
906 _a7
_bcbc
_ccopycat
_d2
_encip
_f20
_gy-gencatlg
942 _cBK
999 _c43596
_d43596